000 00197 a2200097 4500
020 _a9788408045571
041 _aspa
100 _aJuan Carlos Arce
245 _aLos colores de la Guerra
942 _cK
999 _c26640
_d26640